000 00709nam a2200277Ia 4500
001 12214
005 20240113235347.0
007 ta
008 051006s1959 g b000 u eng u
040 _aCotton College,Assam
041 _aeng
082 _a371.12
_bG 192 T
100 _aGarrett, Henry E..
245 0 _aTesting for Teachers /
_cHenry E.Garrett.
_hTextual Documents
250 _a1st ed. /
260 _aNew Delhi :
_bEurasia Publishing House ,
_cC1959.
300 _a257p. ;
_c22cm.
653 _aEducation
653 _aEducation
653 _aTeachers-Testing
653 _aG-Education
942 _2ddc
_cBK
999 _c12201
_d12201